Merawat tubuh (Record no. 42530)

MARC details
000 -LEADER
fixed length control field 00694nam a2200253 i 4500
001 - CONTROL NUMBER
control field C2-0135206
003 - CONTROL NUMBER IDENTIFIER
control field PPAK
005 - DATE AND TIME OF LATEST TRANSACTION
control field 20180727123859.0
008 - FIXED-LENGTH DATA ELEMENTS--GENERAL INFORMATION
fixed length control field 971207s1996 my a|||| ||||| | may d
020 ## - INTERNATIONAL STANDARD BOOK NUMBER
International Standard Book Number 9830231402
040 ## - CATALOGING SOURCE
Original cataloging agency PPAK
Language of cataloging eng
Transcribing agency PPAK
Description conventions rda
082 04 - DEWEY DECIMAL CLASSIFICATION NUMBER
Classification number 621
Edition number 23
090 00 - LOCALLY ASSIGNED LC-TYPE CALL NUMBER (OCLC); LOCAL CALL NUMBER (RLIN)
Classification number (OCLC) (R) ; Classification number, CALL (RLIN) (NR) 621
Feature heading MER
Feature heading K
245 00 - TITLE STATEMENT
Title Merawat tubuh
264 #1 - PRODUCTION, PUBLICATION, DISTRIBUTION, MANUFACTURE, AND COPYRIGHT NOTICE
Place of production, publication, distribution, manufacture Kuala Lumpur :
Name of producer, publisher, distributor, manufacturer Pustaka Cita Tinggi ,
Date of production, publication, distribution, manufacture, or copyright notice 1996
300 ## - PHYSICAL DESCRIPTION
Extent 40 pages :
Other physical details colour illustrations ;
Dimensions 27 cm
336 ## - CONTENT TYPE
Source rdacontent
Content type term text
337 ## - MEDIA TYPE
Source rdamedia
Media type term unmediated
338 ## - CARRIER TYPE
Source rdacarrier
Carrier type term volume
490 1# - SERIES STATEMENT
Series statement Siri penyelidikan dan inovatif
650 10 - SUBJECT ADDED ENTRY--TOPICAL TERM
Topical term or geographic name entry element Body, Human
830 #0 - SERIES ADDED ENTRY--UNIFORM TITLE
Uniform title Siri penyelidikan dan inovatif
942 ## - ADDED ENTRY ELEMENTS (KOHA)
-- dc
Koha item type Book
Holdings
Withdrawn Not for loan Current library Shelving location Date acquired Full call number Barcode Date last seen Koha item type
    Perpustakaan Alor Setar Pinjaman Kanak-kanak 07/12/1997 K 621 MER A00090007 08/05/2018 Book
    Perpustakaan Alor Setar Pinjaman Kanak-kanak 07/12/1997 K 621 MER A00090008 08/05/2018 Book
    Perpustakaan Alor Setar Pinjaman Kanak-kanak 03/09/1999 K 621 MER A00249872 08/05/2018 Book
    Perpustakaan Awam Sungai Petani Pinjaman Kanak-kanak 07/12/1997 K 621 MER A00090009 08/05/2018 Book
    Perpustakaan Awam Sungai Petani Pinjaman Kanak-kanak 07/12/1997 K 621 MER A00090010 08/05/2018 Book
    Perpustakaan Awam Sungai Petani Pinjaman Kanak-kanak 03/09/1999 K 621 MER A00249873 08/05/2018 Book
    Perpustakaan Jitra Pinjaman Kanak-kanak 07/12/1997 K 621 MER A00090011 08/05/2018 Book
    Perpustakaan Jitra Pinjaman Kanak-kanak 07/12/1997 K 621 MER A00090012 08/05/2018 Book
    Perpustakaan Kulim Pinjaman Kanak-kanak 03/09/1999 K 621 MER A00249875 08/05/2018 Book
    Perpustakaan Yan Pinjaman Kanak-kanak 07/12/1997 K 621 MER A00090017 08/05/2018 Book
    Perpustakaan Yan Pinjaman Kanak-kanak 03/09/1999 K 621 MER A00249876 08/05/2018 Book
    Bergerak 4, Sungai Petani Pinjaman Kanak-kanak 03/09/1999 K 621 MER A00249881 08/05/2018 Book
    PD08, Felda Gunung Bongsu, Kulim Pinjaman Kanak-kanak 09/03/1999 K 621 MER A00249887 08/05/2018 Book
    PD12, Kg. Padang, Baling Pinjaman Kanak-kanak 07/12/1997 K 621 MER A00090023 08/05/2018 Book